000
00221nam a22000857a 4500
008
161112b xxu||||| |||| 00| 0 eng d
100
_9
1178
_a
Chaudhery.S.
245
_a
Targetting Mathematics-5
260
_a
New Delhi
_b
Frank
_c
2012
999
_c
3857
_d
3857